LEADER 00927nam a2200217 u 4500 001 000000067053 003 CaOOAMICUS 005 20070226121638.0 008 020131s1914 it u000 u ita u 035 $a10918781 040 $aPUL(R)$bita 111 2 $aCongresso della Società Filosofica Italiana$n(4 :$d1912 :$cGenova).$0(OLS)http://pul/name/44829 245 10$aAtti del IV Congresso della Società Filosofica Italiana :$bGenova, ottobre 1912. 260 $aGenova :$bFormiggini,$c1914. 300 $a106 p. ;$c24 cm 650 4$aFilosofia$xCongressi.$0(OLS)http://pul/subject/8496 850 $aPUL 852 $aPUL$W1$xDP2 Filosofia 1$y62$m94 H 24$j86728$nBK-PRI$b $qStampati$B86728$CPULBib$Z2$F86728 $81 941 1 $a8 996 $6245$aAtti del IV Congresso della Società Filosofica Italiana :$bGenova, ottobre 1912$9(OLS)http://pul/title/88960 996 $6260$aGenova :$bFormiggini$9(OLS)http://pul/publisher/55802 LEADER 01331nam a2200337 a 4500 001 000000133496 003 CaOOAMICUS 005 20130411094543.0 008 130411s1992 it u000 u ita r 020 $a88-7018-163-4 040 $aPUL$bita 041 1 $aita$hfre 100 1 $aLacoue-Labarthe, Philippe.$0(OLS)http://pul/name/85998 240 10$aMythe nazi.$lItaliano.$0(OLS)http://pul/title/168717 245 13$aIl mito nazi /$cPhilippe Lacoue-Labarthe, Jean-Luc Nancy ; a cura di Carlo Angelino. 260 $aGenova :$bIl Melangolo,$c1992. 300 $a57 p. ;$c21 cm. 490 1 $aOpuscola ;$v48 650 4$aNazionalsocialismo.$0(OLS)http://pul/subject/95 700 1 $aAngelino, Carlo.$0(OLS)http://pul/name/38744 700 1 $aNancy, Jean-Luc.$0(OLS)http://pul/name/73674 830 0$aOpuscola ;$v48.$0(OLS)http://pul/title/16508 850 $aPUL 852 $aPUL$W1$xDP1 Fondo E. Rossi$y115$m1 L 1$j28954$qFondi$q $B152994$CPULBib$Z2$F152994 $Hnull $81 941 1 $a1 960 $aNazismo$995 961 $aSul dorso collocazione ms. di E. Rossi: L 1 0 996 $6020$a88-7018-163-4$9(OLS)http://pul/number/152375 996 $6245$aIl mito nazi$9(OLS)http://pul/title/168718 996 $6260$aGenova :$bIl Melangolo$9(OLS)http://pul/publisher/48888